000 00370nam a2200121 4500
999 _c13702
_d13702
008 190402b ||||| |||| 00| 0 eng d
100 _938101
_aLeyco, Chino S.
245 _aDOF open to lower tariffs on some agricultural goods/
_cChino S. Leyco
260 _aPhilippines:
_bManila Bulletin;
_cc2018.
300 _apage 12.
650 0 _938102
_aFinance.
942 _2ddc
_cPER